| 000 | 01024cam a2200301 a 4500 | ||
|---|---|---|---|
| 001 | 16442468 | ||
| 003 | OSt | ||
| 005 | 20230623112240.0 | ||
| 008 | 100901s2012 caua b 001 0 eng | ||
| 010 | _a 2010936203 | ||
| 020 | _a9780495913757 | ||
| 020 | _a0495913758 | ||
| 040 |
_aDLC _cDLC |
||
| 042 | _apcc | ||
| 050 | 0 | 0 | _aKF9619.S26 |
| 100 | 1 |
_aSamaha, Joel. _91803 |
|
| 245 | 1 | 0 |
_aCriminal procedure. / _cSamaha, Joel |
| 250 | _a8th ed. | ||
| 260 |
_aBelmont, CA : _bThomson Wadsworth, _c2012. |
||
| 300 |
_axxiv, 597 p. : _bill. ; _c27 cm. |
||
| 504 | _aIncludes bibliographical references (p. 569-579) and indexes. | ||
| 505 | _aContents: Crime control in a constitutional democracy -- Criminal procedure and the constitution -- The definition of searches and seizures -- | ||
| 650 | 0 |
_aCriminal procedure _zUnited States. _91796 |
|
| 906 |
_a7 _bcbc _corigcop _d2 _eepcn _f20 _gy-gencatlg |
||
| 942 |
_2lcc _cBK |
||
| 999 |
_c9827 _d17327 |
||